|
|
|
|
| LEADER |
02375nam a2200373 i 4500 |
| 001 |
nkc20203238744 |
| 003 |
CZ PrNK |
| 005 |
20210609085039.0 |
| 007 |
ta |
| 008 |
200716s2020 xr a g 000 p cze |
| 015 |
|
|
|a cnb003238744
|
| 020 |
|
|
|a 978-80-7227-439-0
|q (brožováno)
|
| 035 |
|
|
|a (OCoLC)1260123945
|
| 040 |
|
|
|a ABG001
|b cze
|d OLA001
|e rda
|
| 072 |
|
7 |
|a 821.162.3-1
|x Česká poezie
|2 Konspekt
|9 25
|
| 080 |
|
|
|a 821.162.3-1
|2 MRF
|
| 080 |
|
|
|a (0:82-1)
|2 MRF
|
| 100 |
1 |
|
|a Hrbek, David,
|d 1968-
|7 jn20000401069
|4 aut
|
| 245 |
1 |
0 |
|a Dobrou noc, odcházím /
|c David Hrbek
|
| 250 |
|
|
|a Vydání první
|
| 264 |
|
1 |
|a Brno :
|b Druhé město,
|c 2020
|
| 300 |
|
|
|a 92 stran :
|b barevné ilustrace ;
|c 21 cm
|
| 336 |
|
|
|a text
|b txt
|2 rdacontent
|
| 337 |
|
|
|a bez média
|b n
|2 rdamedia
|
| 338 |
|
|
|a svazek
|b nc
|2 rdacarrier
|
| 520 |
2 |
|
|a Básnický debut olomouckého muzejního edukátora, textaře, moderátora a hudebníka, vyznačující se smyslem pro až pudovou živočišnost, ale i gellnerovsky laděnými smutky či "radostmi života".
|b "Žijeme jen jednou", tvrdí David Hrbek hned v úvodním čísle tohoto opusu. A jakoby toto fanfarónské zvolání předznamenalo i celý obsah sbírky. Náhle se tu zjevuje básník s prudkou a téměř nezvládnutelnou touhou naplno spěchat životem, básník, jenž sice sebekriticky prohlašuje, že je jen "singl, co není na žádném žebříčku", přesto se s vervou vrhá do nejrůznějších milostných eskapád, v nichž mu srdce "vyvádí podivný věci". Někdy sice proběhne melancholie či skepse, že "život je pryč a já tady zkysl", přesto však převládá bujaré "dneska ještě žijem" a z toho důvodu "pořád je to dobrý". Až teprve v závěrečném oddílu jakoby básník vystřízlivěl z divokého tempa bytí a ocitl se náhle na "palubě noci", v prostředí, kde "pukají obruče" a kde člověk objevuje poznání, že "život prostě není sladký" tak, jak se původně zdálo.
|
| 655 |
|
7 |
|a česká poezie
|7 fd133958
|2 czenas
|
| 655 |
|
9 |
|a Czech poetry
|2 eczenas
|
| 910 |
2 |
|
|a BOA001
|b 2-1462.752
|
| 920 |
|
|
|a 4546894
|z ABG001
|
| 990 |
|
|
|a BK
|
| 995 |
|
|
|a 01
|
| 996 |
6 |
|
|b 2610862426
|c 2-1462.752
|l MZK
|r Sklad / do 1 hodiny
|n 0
|p p.v.
|w 001848651
|u 000010
|a 1
|e BOA001
|j MZK50
|s P
|
| 996 |
7 |
|
|b 2610862427
|c 2-1462.752
|l MZK
|r Sklad / do 1 hodiny
|n 0
|p p.v.
|w 001848651
|u 000020
|a 1
|e BOA001
|j MZK50
|s A
|